000 00198 a2200097 4500
001 8419
090 _c6789
_d6789
100 _aFinch, R
245 _aNine western Plays (Transfered to SOA)
260 _bNelson
942 _aNUST-CAE
999 _c243492
_d243492